000 00336nam a2200109Ia 4500
008 200302s9999 xx 000 0 und d
100 _aNorman K. Booth
245 _aFoundations of landscape architecture integrating form and space using the language of site design
260 _bJohn Willey and Sons Inc.
260 _c2012
300 _a372
999 _c6501
_d6501